Представление документа в формате RUSMARC

ПолеНазваниеЗначение
  Тип записи a
  Библиографический уровень a
001 Контрольный номер RU/CBS_UL/BASE/591121036
005 Дата корректировки 20240209175229.9
100 Данные общей обработки __
a Данные общей обработки 20180924d2018 ||| 0rusy0189 ca
101 Язык документа 0_
a Язык текста rus
102 Страна публикации __
a Страна публикации RU
105 Кодированные данные (монография) __
a Кодированные данные (монография) y###||||000|y
200 Заглавие и сведения об ответственности 1_
a Заглавие «Первая роль в лицее далась мне непросто»
b Общее обозначение материала Текст
e Сведения, относящиеся к заглавию [российский актер театра и кино Артём Ткаченко]
f Первые сведения об ответственности А. Ткаченко
300 Общие примечания __
a Общие примечания Ограничения по возрасту - 6+
461 Уровень набора _0
1 2000
a Здоровье школьника
463 Уровень физической единицы _0
1 001RU/CBS_UL/BASE/591120363
1 2000
a № 6
v С. 16-19
1 210
d 2018
600 Персоналии _0
a Персоналии (Фамилия) Ткаченко
b Персоналии (Имя, инициалы) А.
606 Тематические рубрики 0_
a Основная рубрика Актеры российские
610 Ключевые слова 0_
a Ключевые слова актеры российские
a Ключевые слова кино
a Ключевые слова театр
a Ключевые слова интервью
686 Индексы других классификаций __
a Классификационный индекс 85.374(2)
2 Код системы ББК
700 Автор _1
a Фамилия Ткаченко
b Имя (инициалы) А.
801 Источник записи _0
a Страна RU
b Организация МБУК ЦБС г. Ульяновска
c Дата составления 20180924
g Правила каталогизации RCR
801 Источник записи _1
a Страна RU
b Организация МБУК ЦБС г. Ульяновска
c Дата составления 20180924
g Правила каталогизации RCR
901 Тип документа __
t Тип документа b
w Контрольный № источника RU/CBS_UL/BASE/591120363
910 Корректоры записи __
a Корректор записи Библиотека 18
938 Служебная информация __
a Имя БД period